UBT Library

Anesthesia and Co-Existing Disease (Record no. 49014)

000 -LEADER
fixed length control field 00303nam a22001337a 4500
008 - FIXED-LENGTH DATA ELEMENTS--GENERAL INFORMATION
fixed length control field 181008b xxu||||| |||| 00| 0 eng d
020 ## - INTERNATIONAL STANDARD BOOK NUMBER
International Standard Book Number 0443081255
041 ## - LANGUAGE CODE
Language code of text/sound track or separate title eng
080 ## - UNIVERSAL DECIMAL CLASSIFICATION NUMBER
Universal Decimal Classification number 610
100 ## - Rafti
Rafti 6
101 ## - Shkurtesa
Shkurtesa ANE
245 ## - TITLE STATEMENT
Title Anesthesia and Co-Existing Disease
Statement of responsibility, etc Stoelting,R.K
942 ## - ADDED ENTRY ELEMENTS (KOHA)
Source of classification or shelving scheme
Item type Books
Holdings
Withdrawn status Lost status Source of classification or shelving scheme Damaged status Not for loan Collection code Permanent location Current location Shelving location Date acquired Total Checkouts Full call number Barcode Date last seen Price effective from Koha item type
          Koleksioni i përgjithshem UBT - Lipjan UBT - Lipjan Koleksioni i përgjithshem 10/08/2018   610 STO 002-3013950 10/08/2018 10/08/2018 Books
UBT Library © 2015-2024. All rights reserved University Education for Business and Technology